[Event "ODJM C 2024"]
[Site "Willingen GER"]
[Date "2024.05.19"]
[Round "2"]
[White "Weidenhöfer, Ben"]
[Black "Classen, Marnin"]
[Result "0-1"]
[Termination "normal"]
[Board "1"]
[WhiteElo "1554"]
[BlackElo "1654"]
[WhiteClock "00:02:14"]
[BlackClock "01:00:49"]
[PlyCount "70"]
[WhiteFideId "16273702"]
[BlackFideId "34623833"]
[EventCountry "GER"]
[EventRounds "9"]
[EventType "swiss"]
[EventDate "2024.05.18"]

1. d4 {[%clk 01:30:57]} {[%emt 00:00:03]} d5 {[%clk 01:30:58]} {[%emt
00:00:03]} 2. Bg5 {[%clk 01:31:02]} {[%emt 00:00:25]} h6 {[%clk 01:31:18]}
{[%emt 00:00:09]} 3. Bh4 {[%clk 01:31:11]} {[%emt 00:00:21]} c5 {[%clk
01:31:39]} {[%emt 00:00:09]} 4. c3 {[%clk 01:31:27]} {[%emt 00:00:14]} Qb6
{[%clk 01:31:49]} {[%emt 00:00:20]} 5. Qc1 {[%clk 01:31:13]} {[%emt 00:00:44]}
Bf5 {[%clk 01:31:56]} {[%emt 00:00:23]} 6. e3 {[%clk 01:30:54]} {[%emt
00:00:50]} e6 {[%clk 01:32:11]} {[%emt 00:00:16]} 7. Nf3 {[%clk 01:29:23]}
{[%emt 00:02:00]} Nc6 {[%clk 01:32:15]} {[%emt 00:00:25]} 8. Be2 {[%clk
01:28:39]} {[%emt 00:01:15]} Bd6 {[%clk 01:32:12]} {[%emt 00:00:33]} 9. O-O
{[%clk 01:28:31]} {[%emt 00:00:37]} Nge7 {[%clk 01:32:35]} {[%emt 00:00:08]}
10. Nbd2 {[%clk 01:26:20]} {[%emt 00:02:41]} Rc8 {[%clk 01:32:41]} {[%emt
00:00:24]} 11. Bg3 {[%clk 01:11:38]} {[%emt 00:15:11]} Bxg3 {[%clk 01:31:43]}
{[%emt 00:01:28]} 12. hxg3 {[%clk 01:12:02]} {[%emt 00:00:07]} cxd4 {[%clk
01:31:23]} {[%emt 00:00:50]} 13. exd4 {[%clk 01:07:19]} {[%emt 00:05:12]} O-O
{[%clk 01:29:37]} {[%emt 00:02:16]} 14. Nb3 {[%clk 01:05:03]} {[%emt 00:02:46]}
a6 {[%clk 01:28:50]} {[%emt 00:01:17]} 15. Nc5 {[%clk 01:03:02]} {[%emt
00:02:31]} e5 {[%clk 01:25:23]} {[%emt 00:03:57]} 16. Na4 {[%clk 00:38:47]}
{[%emt 00:24:46]} Qa5 {[%clk 01:24:13]} {[%emt 00:01:40]} 17. Qd1 {[%clk
00:27:51]} {[%emt 00:11:25]} exd4 {[%clk 01:21:28]} {[%emt 00:03:16]} 18. cxd4
{[%clk 00:23:35]} {[%emt 00:04:45]} Rfe8 {[%clk 01:10:49]} {[%emt 00:11:09]}
19. Nh4 {[%clk 00:21:12]} {[%emt 00:02:53]} Bc2 {[%clk 01:07:26]} {[%emt
00:03:54]} 20. Qxc2 {[%clk 00:13:03]} {[%emt 00:08:38]} Nxd4 {[%clk 01:06:12]}
{[%emt 00:01:44]} 21. Qd1 {[%clk 00:08:50]} {[%emt 00:04:43]} Nxe2+ {[%clk
01:05:56]} {[%emt 00:00:46]} 22. Kh2 {[%clk 00:05:54]} {[%emt 00:03:26]} b5
{[%clk 01:04:41]} {[%emt 00:01:46]} 23. Qxe2 {[%clk 00:05:58]} {[%emt
00:00:26]} Qxa4 {[%clk 01:04:56]} {[%emt 00:00:14]} 24. Nf3 {[%clk 00:04:58]}
{[%emt 00:01:29]} Qc4 {[%clk 01:04:57]} {[%emt 00:00:30]} 25. Qd2 {[%clk
00:03:32]} {[%emt 00:01:56]} Qc2 {[%clk 01:05:01]} {[%emt 00:00:26]} 26. Qd4
{[%clk 00:03:45]} {[%emt 00:00:18]} Qc4 {[%clk 01:05:05]} {[%emt 00:00:26]} 27.
Qd2 {[%clk 00:03:59]} {[%emt 00:00:15]} Nf5 {[%clk 01:04:49]} {[%emt 00:00:46]}
28. Rfc1 {[%emt 00:05:32]} Qg4 {[%clk 01:00:24]} 29. Rxc8 {[%clk 00:03:33]}
{[%emt 00:00:49]} Rxc8 {[%clk 00:59:52]} {[%emt 00:01:02]} 30. Qxd5 {[%clk
00:04:02]} {[%emt 00:00:01]} Rc2 {[%clk 00:59:43]} {[%emt 00:00:40]} 31. Qa8+
{[%clk 00:02:43]} {[%emt 00:01:49]} Kh7 {[%clk 00:59:50]} {[%emt 00:00:21]} 32.
Qxa6 {[%clk 00:01:59]} {[%emt 00:01:15]} Rxf2 {[%clk 00:59:55]} {[%emt
00:00:25]} 33. Ne1 {[%clk 00:02:09]} {[%emt 00:00:20]} Qxg3+ {[%clk 01:00:05]}
{[%emt 00:00:21]} 34. Kg1 {[%clk 00:02:22]} {[%emt 00:00:17]} Ne3 {[%clk
01:00:21]} {[%emt 00:00:13]} 35. Qb7 {[%clk 00:02:14]} {[%emt 00:00:38]} Rf1#
{[%clk 01:00:49]} {[%emt 00:00:03]} 0-1

[Event "ODJM C 2024"]
[Site "Willingen GER"]
[Date "2024.05.19"]
[Round "2"]
[White "Prigandt, Junis"]
[Black "Döscher, Rasmus"]
[Result "0-1"]
[Termination "normal"]
[Board "2"]
[WhiteElo "1181"]
[BlackElo "1503"]
[WhiteClock "00:58:33"]
[BlackClock "00:55:12"]
[PlyCount "112"]
[WhiteFideId "34631712"]
[BlackFideId "34625038"]
[EventCountry "GER"]
[EventRounds "9"]
[EventType "swiss"]
[EventDate "2024.05.18"]

1. c4 {[%clk 01:30:50]} {[%emt 00:00:10]} e5 {[%clk 01:30:30]} {[%emt
00:00:30]} 2. Nc3 {[%clk 01:30:46]} {[%emt 00:00:34]} Nc6 {[%clk 01:30:14]}
{[%emt 00:00:45]} 3. Nf3 {[%clk 01:30:50]} {[%emt 00:00:27]} Nf6 {[%clk
01:30:21]} {[%emt 00:00:23]} 4. d3 {[%clk 01:30:02]} {[%emt 00:01:18]} Bb4
{[%clk 01:28:33]} {[%emt 00:02:17]} 5. g3 {[%clk 01:29:47]} {[%emt 00:00:46]}
O-O {[%clk 01:28:14]} {[%emt 00:00:48]} 6. Bg2 {[%clk 01:29:00]} {[%emt
00:01:18]} d6 {[%clk 01:28:03]} {[%emt 00:00:41]} 7. O-O {[%clk 01:29:11]}
{[%emt 00:00:19]} Be6 {[%clk 01:27:27]} {[%emt 00:01:06]} 8. Qb3 {[%clk
01:27:40]} {[%emt 00:02:01]} Rb8 {[%clk 01:26:19]} {[%emt 00:01:38]} 9. a3
{[%clk 01:26:42]} {[%emt 00:01:28]} Ba5 {[%clk 01:26:22]} {[%emt 00:00:27]} 10.
Bg5 {[%clk 01:26:00]} {[%emt 00:01:13]} b5 {[%clk 01:24:13]} {[%emt 00:02:38]}
11. Nd2 {[%clk 01:24:44]} {[%emt 00:01:46]} bxc4 {[%clk 01:23:43]} {[%emt
00:01:00]} 12. Qc2 {[%clk 01:24:25]} {[%emt 00:00:47]} Nd4 {[%clk 01:23:56]}
{[%emt 00:00:20]} 13. Qd1 {[%clk 01:23:46]} {[%emt 00:01:08]} Rxb2 {[%clk
01:23:58]} {[%emt 00:00:28]} 14. Nce4 {[%clk 01:22:30]} {[%emt 00:01:46]} d5
{[%clk 01:22:24]} {[%emt 00:02:04]} 15. Nxf6+ {[%clk 01:22:11]} {[%emt
00:00:48]} gxf6 {[%clk 01:21:36]} {[%emt 00:01:19]} 16. Bh6 {[%clk 01:22:18]}
{[%emt 00:00:23]} Re8 {[%clk 01:21:45]} {[%emt 00:00:21]} 17. dxc4 {[%clk
01:22:17]} {[%emt 00:00:30]} dxc4 {[%clk 01:21:28]} {[%emt 00:00:47]} 18. Nf3
{[%clk 01:21:14]} {[%emt 00:01:34]} Nxe2+ {[%clk 01:21:29]} {[%emt 00:00:29]}
19. Kh1 {[%clk 01:21:18]} {[%emt 00:00:26]} Qxd1 {[%clk 01:20:27]} {[%emt
00:01:32]} 20. Rfxd1 {[%clk 01:21:08]} c3 {[%clk 01:19:58]} {[%emt 00:01:39]}
21. Ne1 {[%clk 01:19:39]} {[%emt 00:01:59]} Bb3 {[%clk 01:19:44]} {[%emt
00:00:44]} 22. Rdb1 {[%clk 01:18:21]} {[%emt 00:01:48]} Rd8 {[%clk 01:16:22]}
{[%emt 00:03:52]} 23. Bf3 {[%clk 01:14:19]} {[%emt 00:04:31]} Bd5 {[%clk
01:14:42]} {[%emt 00:02:11]} 24. Bxd5 {[%clk 01:14:07]} {[%emt 00:00:42]} Rxd5
{[%clk 01:14:52]} {[%emt 00:00:19]} 25. Rxb2 {[%clk 01:11:59]} {[%emt
00:02:39]} cxb2 {[%clk 01:15:12]} {[%emt 00:00:10]} 26. Rb1 {[%clk 01:12:13]}
{[%emt 00:00:16]} Bxe1 {[%clk 01:15:28]} {[%emt 00:00:14]} 27. Rxb2 {[%clk
01:12:00]} {[%emt 00:00:42]} Nxg3+ {[%clk 01:13:57]} {[%emt 00:02:02]} 28. hxg3
{[%clk 01:12:01]} {[%emt 00:00:28]} Rd8 {[%clk 01:14:13]} {[%emt 00:00:15]} 29.
Kg2 {[%clk 01:11:56]} {[%emt 00:00:35]} c5 {[%clk 01:10:52]} {[%emt 00:03:51]}
30. Rc2 {[%clk 01:11:31]} {[%emt 00:00:54]} Rc8 {[%clk 01:10:16]} {[%emt
00:01:07]} 31. Kf1 {[%clk 01:11:15]} {[%emt 00:00:46]} Ba5 {[%clk 01:10:20]}
{[%emt 00:00:26]} 32. Ke2 {[%clk 01:10:27]} {[%emt 00:01:18]} f5 {[%clk
01:09:06]} {[%emt 00:01:44]} 33. Ke3 {[%clk 01:08:01]} {[%emt 00:02:55]} f6
{[%clk 01:08:58]} {[%emt 00:00:39]} 34. Kf3 {[%clk 01:06:43]} {[%emt 00:01:48]}
e4+ {[%clk 01:07:17]} {[%emt 00:02:11]} 35. Kf4 {[%clk 01:06:40]} {[%emt
00:00:33]} Bb6 {[%clk 01:03:42]} {[%emt 00:04:05]} 36. Kxf5 {[%clk 01:06:48]}
{[%emt 00:00:21]} Rc6 {[%clk 01:03:45]} {[%emt 00:00:27]} 37. Kxe4 {[%clk
01:06:44]} {[%emt 00:00:35]} f5+ {[%clk 01:04:05]} {[%emt 00:00:09]} 38. Kxf5
{[%clk 01:06:13]} {[%emt 00:01:01]} Rxh6 {[%clk 01:04:28]} {[%emt 00:00:07]}
39. Ke4 {[%clk 01:06:28]} {[%emt 00:00:16]} Kf7 {[%clk 01:04:29]} {[%emt
00:00:29]} 40. Kd5 {[%clk 01:06:27]} {[%emt 00:00:31]} Ke7 {[%clk 01:04:21]}
{[%emt 00:00:38]} 41. f4 {[%clk 01:06:25]} {[%emt 00:00:32]} Rh3 {[%clk
01:03:39]} {[%emt 00:01:11]} 42. Rc3 {[%clk 01:06:31]} {[%emt 00:00:24]} Kf6
{[%clk 01:03:17]} {[%emt 00:00:53]} 43. a4 {[%clk 01:05:25]} {[%emt 00:01:36]}
a5 {[%clk 01:03:21]} {[%emt 00:00:26]} 44. Kc6 {[%clk 01:05:15]} {[%emt
00:00:40]} Bd8 {[%clk 01:03:30]} {[%emt 00:00:20]} 45. Kxc5 {[%clk 01:05:36]}
{[%emt 00:00:09]} Bc7 {[%clk 01:03:32]} {[%emt 00:00:30]} 46. Kd4 {[%clk
01:05:22]} {[%emt 00:00:43]} Bb6+ {[%clk 01:01:21]} {[%emt 00:02:40]} 47. Ke4
{[%clk 01:04:57]} {[%emt 00:00:55]} Bf2 {[%clk 00:59:45]} {[%emt 00:02:06]} 48.
Rc6+ {[%clk 01:04:36]} {[%emt 00:00:52]} Ke7 {[%clk 00:58:07]} {[%emt
00:02:09]} 49. Ra6 {[%clk 01:04:29]} {[%emt 00:00:36]} Be1 {[%clk 00:57:31]}
{[%emt 00:01:06]} 50. g4 {[%clk 01:04:32]} {[%emt 00:00:27]} Ra3 {[%clk
00:57:29]} {[%emt 00:00:32]} 51. Ra7+ {[%clk 01:02:42]} {[%emt 00:02:20]} Ke6
{[%clk 00:56:19]} {[%emt 00:01:40]} 52. Rxh7 {[%clk 01:02:46]} {[%emt
00:00:26]} Rxa4+ {[%clk 00:56:35]} {[%emt 00:00:14]} 53. Kf3 {[%clk 01:02:36]}
{[%emt 00:00:39]} Bd2 {[%clk 00:56:14]} {[%emt 00:00:52]} 54. f5+ {[%clk
01:01:51]} {[%emt 00:01:14]} Kf6 {[%clk 00:56:28]} {[%emt 00:00:17]} 55. Kg3
{[%clk 00:59:40]} {[%emt 00:02:41]} Ra3+ {[%clk 00:55:47]} {[%emt 00:01:11]}
56. Kg2 {[%clk 00:58:33]} {[%emt 00:01:37]} Re3 {[%clk 00:55:12]} {[%emt
00:01:05]} 0-1

[Event "ODJM C 2024"]
[Site "Willingen GER"]
[Date "2024.05.19"]
[Round "2"]
[White "Englert, Ann"]
[Black "Finck, Julius"]
[Result "0-1"]
[Termination "normal"]
[Board "3"]
[WhiteElo "1530"]
[BlackElo "1579"]
[WhiteClock "00:53:22"]
[BlackClock "00:47:52"]
[PlyCount "69"]
[WhiteFideId "34606181"]
[BlackFideId "34660429"]
[EventCountry "GER"]
[EventRounds "9"]
[EventType "swiss"]
[EventDate "2024.05.18"]

1. d4 {[%clk 01:30:58]} {[%emt 00:00:01]} d5 {[%clk 01:30:46]} {[%emt
00:00:14]} 2. c4 {[%clk 01:31:13]} {[%emt 00:00:16]} e6 {[%clk 01:30:36]}
{[%emt 00:00:39]} 3. Nc3 {[%clk 01:31:17]} {[%emt 00:00:27]} Be7 {[%clk
01:29:51]} {[%emt 00:01:15]} 4. cxd5 {[%clk 01:31:04]} {[%emt 00:00:43]} exd5
{[%clk 01:29:38]} {[%emt 00:00:42]} 5. Bf4 {[%clk 01:31:14]} {[%emt 00:00:20]}
Nf6 {[%clk 01:28:05]} {[%emt 00:02:03]} 6. e3 {[%clk 01:30:33]} {[%emt
00:01:11]} Bf5 {[%clk 01:23:41]} {[%emt 00:04:54]} 7. Nf3 {[%clk 01:29:52]}
{[%emt 00:01:11]} O-O {[%clk 01:23:09]} {[%emt 00:01:01]} 8. Bd3 {[%clk
01:29:09]} {[%emt 00:01:14]} Bxd3 {[%clk 01:20:59]} {[%emt 00:02:40]} 9. Qxd3
{[%clk 01:28:43]} {[%emt 00:00:57]} Bb4 {[%clk 01:19:04]} {[%emt 00:02:26]} 10.
O-O {[%clk 01:27:59]} {[%emt 00:01:12]} Bxc3 {[%clk 01:18:13]} {[%emt
00:01:21]} 11. Qxc3 {[%clk 01:24:16]} {[%emt 00:04:14]} c6 {[%clk 01:17:25]}
{[%emt 00:01:18]} 12. Ne5 {[%clk 01:22:57]} {[%emt 00:01:48]} Ne4 {[%clk
01:16:03]} {[%emt 00:01:52]} 13. Qb4 {[%clk 01:22:28]} {[%emt 00:00:56]} Qb6
{[%clk 01:14:54]} {[%emt 00:01:43]} 14. Qxb6 {[%clk 01:21:19]} {[%emt
00:01:39]} axb6 {[%clk 01:14:03]} {[%emt 00:01:21]} 15. a3 {[%clk 01:21:18]}
{[%emt 00:00:30]} Rd8 {[%clk 01:13:06]} {[%emt 00:01:26]} 16. f3 {[%clk
01:20:05]} {[%emt 00:01:44]} Nd6 {[%clk 01:12:26]} {[%emt 00:01:09]} 17. Rfc1
{[%clk 01:19:24]} {[%emt 00:01:09]} f6 {[%clk 01:08:57]} {[%emt 00:04:03]} 18.
Nd3 {[%clk 01:18:32]} {[%emt 00:01:21]} g5 {[%clk 01:06:53]} {[%emt 00:02:34]}
19. Bg3 {[%clk 01:17:56]} {[%emt 00:01:06]} Nf5 {[%clk 01:03:34]} {[%emt
00:03:50]} 20. Bf2 {[%clk 01:17:18]} {[%emt 00:01:07]} Re8 {[%clk 01:02:53]}
{[%emt 00:01:09]} 21. Re1 {[%clk 01:17:06]} {[%emt 00:00:43]} Nd6 {[%clk
01:01:43]} {[%emt 00:01:41]} 22. b3 {[%clk 01:15:35]} {[%emt 00:02:01]} Nd7
{[%clk 00:59:46]} {[%emt 00:02:28]} 23. a4 {[%clk 01:15:09]} {[%emt 00:00:56]}
b5 {[%clk 00:58:37]} {[%emt 00:01:39]} 24. a5 {[%clk 01:10:55]} {[%emt
00:04:44]} Nb8 {[%clk 00:58:08]} {[%emt 00:00:59]} 25. Nc5 {[%clk 01:10:28]}
{[%emt 00:00:57]} Na6 {[%clk 00:57:04]} {[%emt 00:01:34]} 26. Bg3 {[%clk
01:04:21]} {[%emt 00:06:36]} Nf5 {[%clk 00:55:31]} {[%emt 00:02:01]} 27. Bf2
{[%clk 01:03:19]} {[%emt 00:01:34]} Nd6 {[%clk 00:55:27]} {[%emt 00:00:34]} 28.
g4 {[%clk 01:02:54]} {[%emt 00:00:55]} Re7 {[%clk 00:54:55]} {[%emt 00:01:01]}
29. Bg3 {[%clk 01:01:04]} {[%emt 00:02:21]} Nf7 {[%clk 00:53:35]} {[%emt
00:01:50]} 30. Kf2 {[%clk 00:59:54]} {[%emt 00:01:39]} Rae8 {[%clk 00:51:44]}
{[%emt 00:02:21]} 31. Rac1 {[%clk 00:59:52]} {[%emt 00:00:33]} Nb4 {[%clk
00:51:12]} {[%emt 00:01:02]} 32. Re2 {[%clk 00:59:26]} {[%emt 00:00:54]} Ra8
{[%clk 00:49:40]} {[%emt 00:02:03]} 33. Rb1 {[%clk 00:57:57]} {[%emt 00:02:00]}
Rxa5 {[%clk 00:48:18]} {[%emt 00:01:48]} 34. h3 {[%clk 00:55:47]} {[%emt
00:02:44]} b6 {[%clk 00:47:52]} {[%emt 00:00:56]} 35. Rc1 {[%clk 00:53:22]}
{[%emt 00:02:55]} 0-1

[Event "ODJM C 2024"]
[Site "Willingen GER"]
[Date "2024.05.19"]
[Round "2"]
[White "Schmidt, Emelie"]
[Black "Frydel, Helena"]
[Result "1-0"]
[Termination "normal"]
[Board "4"]
[WhiteElo "1171"]
[BlackElo "1485"]
[WhiteClock "00:12:35"]
[BlackClock "00:52:35"]
[PlyCount "131"]
[WhiteFideId "34682490"]
[BlackFideId "16266536"]
[EventCountry "GER"]
[EventRounds "9"]
[EventType "swiss"]
[EventDate "2024.05.18"]

1. d4 {[%clk 01:30:58]} {[%emt 00:00:02]} d5 {[%clk 01:30:56]} {[%emt
00:00:05]} 2. Nf3 {[%clk 01:31:20]} {[%emt 00:00:08]} Bf5 {[%clk 01:31:16]}
{[%emt 00:00:10]} 3. Bf4 {[%clk 01:31:36]} {[%emt 00:00:13]} e6 {[%clk
01:31:23]} {[%emt 00:00:24]} 4. e3 {[%clk 01:31:28]} {[%emt 00:00:38]} Nf6
{[%clk 01:31:40]} {[%emt 00:00:13]} 5. Nbd2 {[%clk 01:30:21]} {[%emt 00:01:37]}
Bd6 {[%clk 01:32:02]} {[%emt 00:00:09]} 6. Ne5 {[%clk 01:30:12]} {[%emt
00:00:38]} O-O {[%clk 01:32:19]} {[%emt 00:00:12]} 7. Ndf3 {[%clk 01:29:37]}
{[%emt 00:01:06]} c5 {[%clk 01:32:28]} {[%emt 00:00:21]} 8. Be2 {[%clk
01:22:46]} {[%emt 00:07:21]} Qa5+ {[%clk 01:31:00]} {[%emt 00:01:57]} 9. c3
{[%clk 01:20:02]} {[%emt 00:03:15]} c4 {[%clk 01:30:48]} {[%emt 00:00:42]} 10.
Nxc4 {[%clk 01:17:11]} {[%emt 00:03:21]} dxc4 {[%clk 01:29:34]} {[%emt
00:01:43]} 11. Bxd6 {[%clk 01:17:14]} {[%emt 00:00:27]} Rc8 {[%clk 01:28:45]}
{[%emt 00:00:47]} 12. Bf4 {[%clk 01:12:56]} {[%emt 00:05:20]} b5 {[%clk
01:27:24]} {[%emt 00:01:50]} 13. O-O {[%clk 01:06:53]} {[%emt 00:06:34]} Nbd7
{[%clk 01:26:25]} {[%emt 00:01:26]} 14. a3 {[%clk 01:04:08]} {[%emt 00:03:19]}
Nd5 {[%clk 01:22:14]} {[%emt 00:04:39]} 15. Bg3 {[%clk 01:01:46]} {[%emt
00:02:53]} N7f6 {[%clk 01:20:38]} {[%emt 00:02:04]} 16. Ng5 {[%clk 00:58:00]}
{[%emt 00:04:19]} h6 {[%clk 01:19:28]} {[%emt 00:01:40]} 17. Nf3 {[%clk
00:55:07]} {[%emt 00:03:23]} Ne4 {[%clk 01:18:23]} {[%emt 00:01:33]} 18. Bh4
{[%clk 00:48:57]} {[%emt 00:06:42]} g5 {[%clk 01:18:03]} {[%emt 00:00:47]} 19.
Bg3 {[%clk 00:49:06]} {[%emt 00:00:24]} Nxg3 {[%clk 01:18:13]} {[%emt
00:00:20]} 20. hxg3 {[%clk 00:49:29]} {[%emt 00:00:08]} Qa4 {[%clk 01:16:50]}
{[%emt 00:01:47]} 21. Ne5 {[%clk 00:34:49]} {[%emt 00:15:15]} Qxd1 {[%clk
01:15:39]} {[%emt 00:01:41]} 22. Rfxd1 {[%clk 00:34:43]} {[%emt 00:00:36]} f6
{[%clk 01:14:40]} {[%emt 00:01:29]} 23. Nf3 {[%clk 00:34:12]} {[%emt 00:01:02]}
Bc2 {[%clk 01:12:49]} {[%emt 00:02:18]} 24. Re1 {[%clk 00:32:53]} {[%emt
00:01:52]} Nb6 {[%clk 01:12:41]} {[%emt 00:00:35]} 25. Bd1 {[%clk 00:32:21]}
{[%emt 00:01:04]} Bd3 {[%clk 01:11:59]} {[%emt 00:01:11]} 26. Be2 {[%clk
00:31:40]} {[%emt 00:01:12]} Bg6 {[%clk 01:11:46]} {[%emt 00:00:42]} 27. Red1
{[%clk 00:31:35]} {[%emt 00:00:36]} Na4 {[%clk 01:11:24]} {[%emt 00:00:53]} 28.
Rd2 {[%clk 00:31:52]} {[%emt 00:00:13]} a6 {[%clk 01:10:35]} {[%emt 00:01:18]}
29. Nh2 {[%clk 00:30:54]} {[%emt 00:01:28]} h5 {[%clk 01:10:24]} {[%emt
00:00:37]} 30. g4 {[%clk 00:30:53]} {[%emt 00:00:34]} h4 {[%clk 01:10:46]}
{[%emt 00:00:10]} 31. Rf1 {[%clk 00:29:47]} {[%emt 00:01:36]} Rd8 {[%clk
01:10:26]} {[%emt 00:00:42]} 32. f4 {[%clk 00:29:56]} {[%emt 00:00:28]} e5
{[%clk 01:09:42]} {[%emt 00:01:14]} 33. fxg5 {[%clk 00:29:48]} {[%emt
00:00:38]} fxg5 {[%clk 01:08:20]} {[%emt 00:01:53]} 34. Nf3 {[%clk 00:29:32]}
{[%emt 00:00:45]} exd4 {[%clk 01:07:31]} {[%emt 00:01:19]} 35. exd4 {[%clk
00:28:15]} {[%emt 00:01:47]} Rd5 {[%clk 01:07:15]} {[%emt 00:00:45]} 36. Ne5
{[%clk 00:28:12]} {[%emt 00:00:32]} Be4 {[%clk 01:06:47]} {[%emt 00:00:47]} 37.
Rf6 {[%clk 00:20:45]} {[%emt 00:08:10]} Re8 {[%clk 01:06:14]} {[%emt 00:00:54]}
38. Nf3 {[%clk 00:19:54]} {[%emt 00:01:30]} Ra8 {[%clk 01:04:27]} {[%emt
00:02:17]} 39. Re6 {[%clk 00:19:00]} {[%emt 00:01:24]} Bh7 {[%clk 01:00:14]}
{[%emt 00:04:40]} 40. Bd1 {[%clk 00:16:10]} {[%emt 00:03:22]} Kf7 {[%clk
00:57:47]} {[%emt 00:02:38]} 41. Re3 {[%clk 00:12:24]} {[%emt 00:04:35]} Nb6
{[%clk 00:56:13]} {[%emt 00:01:59]} 42. Ne5+ {[%clk 00:12:37]} {[%emt
00:00:24]} Kf8 {[%clk 00:55:07]} {[%emt 00:01:26]} 43. Bf3 {[%clk 00:12:56]}
{[%emt 00:00:20]} Rad8 {[%clk 00:51:40]} {[%emt 00:03:52]} 44. Bxd5 {[%clk
00:13:07]} {[%emt 00:00:25]} Nxd5 {[%clk 00:51:57]} {[%emt 00:00:13]} 45. Rf3+
{[%clk 00:13:23]} {[%emt 00:00:13]} Kg8 {[%clk 00:52:08]} {[%emt 00:00:19]} 46.
Nf7 {[%clk 00:13:05]} {[%emt 00:00:48]} Re8 {[%clk 00:51:17]} {[%emt 00:01:21]}
47. Nxg5 {[%clk 00:13:05]} {[%emt 00:00:30]} Re1+ {[%clk 00:51:19]} {[%emt
00:00:24]} 48. Rf1 {[%clk 00:12:30]} {[%emt 00:01:09]} Re3 {[%clk 00:51:30]}
{[%emt 00:00:12]} 49. Nxh7 {[%clk 00:12:40]} {[%emt 00:00:27]} Kxh7 {[%clk
00:51:30]} {[%emt 00:00:31]} 50. Rdd1 {[%clk 00:11:53]} {[%emt 00:01:16]} Rg3
{[%clk 00:51:16]} {[%emt 00:00:43]} 51. Rf3 {[%clk 00:11:30]} {[%emt 00:00:54]}
Rxg4 {[%clk 00:51:25]} {[%emt 00:00:20]} 52. Rdf1 {[%clk 00:10:29]} {[%emt
00:01:32]} Kh8 {[%clk 00:51:19]} {[%emt 00:00:31]} 53. Kh2 {[%clk 00:10:15]}
{[%emt 00:00:50]} a5 {[%clk 00:51:27]} {[%emt 00:00:22]} 54. Kh3 {[%clk
00:10:23]} {[%emt 00:00:21]} Rg8 {[%clk 00:51:17]} {[%emt 00:00:38]} 55. Kxh4
{[%clk 00:10:07]} {[%emt 00:00:48]} Rxg2 {[%clk 00:51:31]} {[%emt 00:00:16]}
56. R1f2 {[%clk 00:09:56]} {[%emt 00:00:41]} Rg8 {[%clk 00:50:54]} {[%emt
00:01:03]} 57. Rf8 {[%clk 00:10:15]} {[%emt 00:00:15]} Kg7 {[%clk 00:51:02]}
{[%emt 00:00:21]} 58. Rxg8+ {[%clk 00:10:36]} {[%emt 00:00:10]} Kxg8 {[%clk
00:51:28]} {[%emt 00:00:04]} 59. Rf5 {[%clk 00:10:49]} {[%emt 00:00:15]} Nc7
{[%emt 00:00:32]} 60. Rc5 {[%clk 00:11:09]} Ne6 {[%clk 00:51:34]} {[%emt
00:00:34]} 61. Rxb5 {[%clk 00:11:16]} {[%emt 00:00:23]} a4 {[%clk 00:51:49]}
{[%emt 00:00:16]} 62. Rb4 {[%clk 00:11:37]} {[%emt 00:00:09]} Nc7 {[%clk
00:51:56]} {[%emt 00:00:22]} 63. Rxc4 {[%clk 00:11:59]} {[%emt 00:00:08]} Nd5
{[%clk 00:52:03]} {[%emt 00:00:23]} 64. Rxa4 {[%clk 00:12:17]} {[%emt
00:00:12]} Nb6 {[%clk 00:52:23]} {[%emt 00:00:11]} 65. Ra6 {[%clk 00:12:21]}
{[%emt 00:00:24]} Nc4 {[%clk 00:52:35]} {[%emt 00:00:18]} 66. b4 {[%clk
00:12:35]} {[%emt 00:00:17]} 1-0